LEADER 01486nam 2200361 n 450 001 996390318903316 005 20221108040308.0 035 $a(CKB)4940000000100270 035 $a(EEBO)2240917358 035 $a(UnM)9928398100971 035 $a(UnM)99832324 035 $a(EXLCZ)994940000000100270 100 $a19951118d1671 uy | 101 0 $aeng 135 $aurbn||||a|bb| 200 12$aA manual of controversies$b[electronic resource] $eclearly demonstrating the truth of Catholick religion, by texts of Holy Scripture, councils of all ages, fathers of the first 500 years common sense and reason. And fully answering the principal objections of Protestants, and all other sectaries. By H. T 210 $aPrinted at Doway $cby Christopher Serrurier$d1671 215 $a[12], 310 p 300 $aAn edition of: Turberville, Henry. A manuel of controversies. 300 $aThe words "Texts .. reason." are connected on title page by a left bracket. 300 $aWith a preliminary contents leaf. 300 $aIdentified as Wing (2nd ed.) T3258B on UMI microfilm "Early English books, 1641-1700", reel 2139. 300 $aReproduction of the original in the Bodleian Library. 330 $aeebo-0014 700 $aTurberville$b Henry$fd. 1678.$0793399 801 0$bCu-RivES 801 1$bCu-RivES 801 2$bCStRLIN 801 2$bWaOLN 906 $aBOOK 912 $a996390318903316 996 $aA manual of controversies$92321884 997 $aUNISA